000 01325cab a2200277 4500
001 W6724
008 090401t1994 xxu||||| |||| 00| 0 eng d
035 _a(Sirsi) u53325
041 _aeng
245 _aManagement scheme
260 _c1994
350 _a0
490 _aEstates Gazette Case Summaries
_v(1994) EGCS 1(1) (22/1/94)
520 _a"Estates Governors of Alleyns College of God`s Gift at Dulwich v Williams and another" ChD 14 January 1994. Planning permission for a garage had been granted. Withheld consent from estate governors controlling the management scheme of the private housing estate was found by the arbitrator to be unreasonable. ChD found the proper test had not been applied; the test should have been whether a reasonable estate manager would have refused consent, not whether the arbitrator himself would have refused. Remitted to arbitrator.
650 _aMANAGEMENT-DISPUTE AVOIDANCE, MANAGEMENT AND RESOLUTION-DISPUTE MANAGEMENT AND RESOLUTION-ARBITRATION
650 _aCORRECT TEST
650 _aDULWICH COLLEGE ESTATE
650 _aGARAGES
650 _aLEASEHOLD REFORM ACT 1967 S19(1)
650 _aMANAGEMENT SCHEME
650 _aPLANNING PERMISSION
650 _aPRIVATE ESTATES
690 _aPLANNING LAW AND PRACTICE-CASE LAW
942 _n0
948 _c04/03/1997
999 _c32883
_d32883